Mosby's Essential Sciences for Therapeutic Massage: (Record no. 4941)

MARC details
000 -LEADER
fixed length control field 00614nam a22002057a 4500
003 - CONTROL NUMBER IDENTIFIER
control field OSt
005 - DATE AND TIME OF LATEST TRANSACTION
control field 20160810135918.0
008 - FIXED-LENGTH DATA ELEMENTS--GENERAL INFORMATION
fixed length control field 160810b xxu||||| |||| 00| 0 eng d
020 ## - INTERNATIONAL STANDARD BOOK NUMBER
International Standard Book Number 0323020275
040 ## - CATALOGING SOURCE
Transcribing agency DNLM
082 ## - DEWEY DECIMAL CLASSIFICATION NUMBER
Classification number WB537F87e 2004
100 ## - MAIN ENTRY--PERSONAL NAME
Personal name Fritz,Sandy;Grosenbach,James.M;
9 (RLIN) 10585
245 ## - TITLE STATEMENT
Title Mosby's Essential Sciences for Therapeutic Massage:
Remainder of title Anatomy,Physiology,Biomechanics and Pathology
250 ## - EDITION STATEMENT
Edition statement 2nd ed
260 ## - PUBLICATION, DISTRIBUTION, ETC. (IMPRINT)
Place of publication, distribution, etc. UK.
Name of publisher, distributor, etc. Mosby,
Date of publication, distribution, etc. 2004
300 ## - PHYSICAL DESCRIPTION
Extent xx,759p;
Other physical details col,ill:
Dimensions 28cm.
504 ## - BIBLIOGRAPHY, ETC. NOTE
Bibliography, etc Glossary and index are included.
650 ## - SUBJECT ADDED ENTRY--TOPICAL TERM
Topical term or geographic name as entry element Massage Therapy
9 (RLIN) 10586
942 ## - ADDED ENTRY ELEMENTS (KOHA)
Source of classification or shelving scheme Other/Generic Classification Scheme
Koha item type Open Shelf
Holdings
Withdrawn status Lost status Source of classification or shelving scheme Damaged status Not for loan Home library Current library Date acquired Source of acquisition Inventory number Total Checkouts Full call number Barcode Date last seen Price effective from Koha item type
    Other/Generic Classification Scheme     MUST Main Library MUST Main Library 10/08/2016   09/31340   WB537F87e 2004 2016-3556 10/08/2016 10/08/2016 Open Shelf
    Other/Generic Classification Scheme     MUST Main Library MUST Main Library 12/08/2016   2012/35626   WB537F87e 2004 2016-3584 12/08/2016 12/08/2016 Open Shelf